'Catastrophic' EC rules threaten smaller firms (Record no. 68714)

MARC details
000 -LEADER
fixed length control field 01197cam a2200229 4500
001 - CONTROL NUMBER
control field WB3741-03
008 - FIXED-LENGTH DATA ELEMENTS--GENERAL INFORMATION
fixed length control field 011030n2001 000 0 eng u
035 ## - SYSTEM CONTROL NUMBER
System control number (Sirsi) u115392
245 ## - TITLE STATEMENT
Title 'Catastrophic' EC rules threaten smaller firms
260 ## - PUBLICATION, DISTRIBUTION, ETC.
Date of publication, distribution, etc. 2001
490 ## - SERIES STATEMENT
Series statement Daily Telegraph
Volume/sequential designation 29 October 2001, 32(1)
520 ## - SUMMARY, ETC.
Summary, etc. Under new proposals from the European Commission to open up Europe's capital markets, UK companies will face extra costs totalling more than £150,000 annually. The directive could become law as early as 2002, and will make it compulsory for listed companies to produce an annual prospectus for use across Europe. The Quoted Companies Alliance (QCA) argues the costs associated with the planned directive will be disastrous for smaller companies such as those listed on the Alternative Investment Market. The QCA says that few smaller firms ever try to raise money outside their domestic markets.
590 ## - LOCAL NOTE (RLIN)
Local note WB
650 ## - SUBJECT ADDED ENTRY--TOPICAL TERM
Topical term or geographic name entry element EUROPEAN COMMISSION
650 ## - SUBJECT ADDED ENTRY--TOPICAL TERM
Topical term or geographic name entry element SMALL BUSINESSES
650 ## - SUBJECT ADDED ENTRY--TOPICAL TERM
Topical term or geographic name entry element DIRECTIVES
650 ## - SUBJECT ADDED ENTRY--TOPICAL TERM
Topical term or geographic name entry element EUROPE
650 ## - SUBJECT ADDED ENTRY--TOPICAL TERM
Topical term or geographic name entry element CAPITAL MARKET
650 ## - SUBJECT ADDED ENTRY--TOPICAL TERM
Topical term or geographic name entry element ALTERNATIVE INVESTMENT MARKET
690 ## - LOCAL SUBJECT ADDED ENTRY--TOPICAL TERM (OCLC, RLIN)
Topical term or geographic name as entry element MANAGEMENT-BUSINESS MANAGEMENT
942 ## - ADDED ENTRY ELEMENTS (KOHA)
Suppress in OPAC 0
Holdings
Withdrawn status Lost status Source of classification or shelving scheme Damaged status Not for loan Home library Current library Shelving location Date acquired Total Checkouts Full call number Barcode Date last seen Copy number Price effective from Koha item type
    Dewey Decimal Classification     London London News article 30/10/2001   WB3741-03 115392-1001 06/08/2019 1 06/08/2019 News article